01158nam a2200205 a 4500008004100000020001800041050001600059100002400075245011300099250001200212260004200224300001500266350000900281650002100290995017400311995017400485999001700659952013800676952013800814150817s1995 ||||||||||||||||| || u a9780133408942 aQP 34.5 Mar aMartini, Frederic H10aFundamentals of anatomy and physiology. (3rd ed.)cby Frederic H. Martini, Kathleen Welch and Martha Newsome a3rd ed. aEnglewood CliffsbPrentice Hallc1995 avii, 437p. a0.75 0aHUMAN PHYSIOLOGY aMEDICAL LIBRARY OPEN ACCESSe903041FCBU-SCHOOL OF MEDICINE LIBRARY (Ndola)I0.75jQP 34.5 MarM2UAVAILABLEWSep 7, 2015y903041ZMedical Library Open Access Collection aMEDICAL LIBRARY OPEN ACCESSe903104FCBU-SCHOOL OF MEDICINE LIBRARY (Ndola)I0.75jQP 34.5 MarM1UAVAILABLEWSep 4, 2015y903104ZMedical Library Open Access Collection c63882d63882 00102lcc4070a002b002cMedical Library Open Access Collectiond2023-02-01l0oQP 34.5 Marp903041r2023-02-01t1w2023-02-01y002 00102lcc4070a002b002cMedical Library Open Access Collectiond2023-02-01l0oQP 34.5 Marp903104r2023-02-01t2w2023-02-01y002